000 00411nam a2200181Ia 4500
001 5014
005 20260306145837.0
008 260306t2010||||xx |||||||||||||| ||spa||
041 _aESP
082 _a332.63221
_bM14 2010
100 _aMadura, Jeff
_eAUT
245 0 _aMercado e instituciones financieras
260 _c2010
300 _a
_c
650 _aGEN
654 _aCAN
942 _cLIB
_dJUS
_fJUS
_2ddc
_n
999 _c5014
_d5014